| 000 | 00633nam a2200205 a 4500 | ||
|---|---|---|---|
| 008 | |||
| 020 | 0 | _a0862381819 (pbk.) | |
| 049 | _aMAIN | ||
| 100 | _aDe Watteville, Alastair | ||
| 245 | 0 | 0 |
_aInside data processing : _bcomputers and their effective use in business / _cAlastair de Watteville. |
| 260 |
_aBromley, Kent : _bChartwell-Bratt, _c[1988] |
||
| 300 |
_aix, 173 p. : _bill. ; _c22 cm. |
||
| 500 | _aIncludes index. | ||
| 650 | 0 |
_aBusiness _xData processing. |
|
| 907 |
_a.b10100404 _b03-12-03 _c03-12-03 |
||
| 003 | |||
| 005 | 20230123133531.0 | ||
| 040 | _cNUST | ||
| 942 | _cBOOKS | ||
| 999 |
_c150237 _d150237 |
||